[Event "Ch Spain (team) (final)"]
[Site "masterchessopen.com Sanxenxo (Spain)"]
[Round "4"]
[White "Andersson Ulf (SWE)"]
[Black "Pont Mulet Antonio (ESP)"]
[Result "1-0"]
[WhiteElo "2580"]
[BlackElo "2265"]

1.Nf3 Nf6 2.c4 g6 3.g3 Bg7 4.Bg2 O-O 5.O-O c6 6.d4 d5 7.Nbd2 Ne4 8.b3 c5 9.Bb2
Nxd2 10.Qxd2 dxc4 11.bxc4 cxd4 12.Nxd4 e5 13.Nb3 Qc7 14.Rfd1 Na6 15.Rac1 Be6
16.Ba3 Rad8 17.Bd6 Qc8 18.Qe3 b6 19.Bxf8 Bxf8 20.Bd5 Bd6 21.Bxe6 Qxe6 22.c5
Bc7 23.Rxd8+ Bxd8 {#r} 1-0

[Event "Ch Hungary (team) 2002/03 (2 liga)"]
[Site "masterchessopen.com Hungary"]
[Date "2003.02.16"]
[Round "7"]
[White "Bognar Csaba (HUN)"]
[Black "Barta Jozsef (HUN)"]
[Result "1-0"]
[WhiteElo "2302"]
[BlackElo "2124"]

1.d4 d5 2.Nf3 c6 3.g3 Nf6 4.Bg2 g6 5.O-O Bg7 6.Nbd2 O-O 7.c4 Bf5 8.b3 Ne4
9.Bb2 c5 10.cxd5 Qxd5 11.Nc4 Nc6 12.Ng5 cxd4 13.Nxe4 Bxe4 14.f3 b5 15.fxe4 Qc5
16.Ba3 Nb4 17.Bxb4 Qxb4 18.Nd2 d3 19.Rb1 Rad8 20.e3 Qa3 21.b4 Qxa2 22.Rb3 a5
23.Nb1 axb4 24.Rxb4 Qa5 25.Qb3 Qb6 26.Re1 Bh6 27.Kf2 d2 28.Rd1 Qf6+ 29.Bf3 Rd7
30.Rxb5 Rfd8 31.Rd5 e6 32.Rxd7 Rxd7 33.Rxd2 Rxd2+ 34.Nxd2 Qd8 35.Nc4 Bg7
36.Qd1 Qc8 37.Be2 Qa8 38.Qd3 h5 39.h4 Bf6 40.e5 Bg7 41.Qd4 Qb8 42.Qf4 Qf8
43.Nd6 Bh6 44.Qd4 Bg7 45.Ne4 Bh6 46.Nf6+ Kg7 47.Qe4 Qa3 48.Bxh5 Qf8 49.Be2 Qd8
50.g4 Kh8 51.g5 Bg7 52.h5 Bxf6 53.gxf6 gxh5 54.Qh1 Qa5 55.Qg1 {#r} 1-0

[Event "Landesliga (2nd) West 2002/03"]
[Site "masterchessopen.com Mecklenburg-Vorpommern (Germany)"]
[Date "2003.02.23"]
[Round "7"]
[White "Wittoch Hans Joachim"]
[Black "Gruber Albert (GER)"]
[Result "0-1"]
[WhiteElo "1814"]
[BlackElo "1896"]

1.d4 Nf6 2.g3 d5 3.Bg2 g6 4.Nf3 Bg7 5.Nbd2 O-O 6.c4 c6 7.O-O Nbd7 8.Re1 Re8
9.e4 dxe4 10.Nxe4 Nxe4 11.Rxe4 Nf6 12.Re2 Bg4 13.h3 Bxf3 14.Bxf3 Qd7 15.Kh2
Rad8 16.Qb3 b6 17.Be3 e5 18.dxe5 Rxe5 19.Rd2 Qe7 20.Rxd8+ Qxd8 21.Bxc6 h5
22.Rd1 Qe7 23.Qd3 Kh7 24.Qd6 Rxe3 25.fxe3 Qxe3 26.Qd2 Qc5 27.Bd5 h4 28.Bxf7
hxg3+ 29.Kg2 Ne4 30.Qc2 Qe3 31.Bd5 Nf2 32.Rf1 Nd3 33.Bf7 Qe4+ {#R} 0-1

[Event "Ch Braunfels"]
[Site "masterchessopen.com Braunfels (Germany)"]
[Date "2003.05.02"]
[Round "5"]
[White "Schmidt Martin (GER)"]
[Black "Rilling Ulrich (GER)"]
[Result "0-1"]
[WhiteElo "1941"]
[BlackElo "2066"]

1.Nf3 g6 2.d4 Bg7 3.g3 d5 4.Bg2 Nf6 5.Nbd2 O-O 6.O-O c6 7.c4 Bd7 8.Ne5 Bf5
9.Ndf3 Qc8 10.Qb3 h6 11.Bd2 a5 12.Rac1 Be4 13.Qa3 e6 14.b4 Nfd7 15.cxd5 exd5
16.bxa5 Nxe5 17.Nxe5 Bxg2 18.Kxg2 Nd7 19.Nxd7 Qxd7 20.Qc3 Rfe8 21.e3 g5 22.Rb1
f5 23.Rb6 Bf8 24.Qc2 Qf7 25.Rfb1 Ra7 26.Qb2 f4 27.exf4 Re2 28.Qc1 Qf5 29.Rxb7
Qe4+ 30.Kf1 Qf3 31.Be3 Rxb7 32.Rxb7 Rxa2 33.Rb2 Ra1 {#R} 0-1

[Event "It (open)"]
[Site "masterchessopen.com Cesenatico (Italy)"]
[Date "2003.09.02"]
[Round "3"]
[White "Cioara Andrei Nestor (ROM)"]
[Black "Dragojlovic Andjelko (SRB)"]
[Result "0-1"]
[WhiteElo "2387"]
[BlackElo "2298"]

1.Nf3 Nf6 2.d4 g6 3.g3 Bg7 4.Bg2 d5 5.O-O c6 6.Nbd2 O-O 7.c4 a5 8.Ne5 Ng4
9.Nxg4 Bxg4 10.h3 Be6 11.cxd5 cxd5 12.Nf3 Nc6 13.e3 a4 14.Bd2 Bf5 15.Ne1 Be4
16.f3 Bf5 17.g4 Bd7 18.f4 e6 19.Nd3 f5 20.g5 Na5 21.Bb4 Re8 22.Re1 b6 23.b3
Bb5 24.Ne5 axb3 25.axb3 Nc6 26.Qd2 Bxe5 27.dxe5 Qd7 28.Bd6 Ra7 29.Bxd5 Rxa1
30.Rxa1 Na5 31.Rd1 exd5 32.Qxd5+ Re6 33.Bc7 Qxd5 34.Rxd5 Be8 35.b4 Nc4 36.Kf2
Rc6 37.Bd8 Kf7 38.Bf6 Rc8 39.Rd4 b5 40.Rd1 Ra8 41.Rd5 Ra2+ 42.Ke1 Nxe3 43.e6+
Kf8 44.Rd7 Bxd7 45.exd7 Ra8 46.d8=Q+ Rxd8 47.Bxd8 Ng2+ 48.Kf2 Nxf4 49.Ke3 Ne6
50.Bf6 Kf7 51.h4 h5 52.Be5 Ke7 53.Kd3 Kd7 54.Bg3 Kc6 55.Bf2 Kd5 56.Be3 f4
57.Bf2 Ke5 58.Bb6 Kf5 59.Bf2 Ke5 60.Bb6 Kd5 61.Ba7 Ng7 62.Bb8 f3 63.Bg3 Nf5
64.Bf2 Ke5 65.Be1 Kf4 66.Bf2 Kg4 67.Ke4 Nxh4 68.Kd5 Nf5 69.Kc5 h4 {#R} 0-1

[Event "Ch Bulgaria (team)"]
[Site "masterchessopen.com Plovdiv (Bulgaria)"]
[Date "2003.11.08"]
[Round "5"]
[White "Kostadinov Rumen (BUL)"]
[Black "Jotov Joto (BUL)"]
[Result "1-0"]
[WhiteElo "2267"]
[BlackElo "1986"]

1.d4 c6 2.Nf3 d5 3.g3 Nf6 4.Bg2 g6 5.O-O Bg7 6.Nbd2 O-O 7.c4 Nbd7 8.b3 Re8
9.Bb2 h6 10.Qc2 Nf8 11.Ne5 Ng4 12.e4 Nxe5 13.dxe5 d4 14.f4 c5 15.Nf3 Qc7
16.Ne1 b6 17.Nd3 Bb7 18.Qe2 f6 19.exf6 exf6 20.Rae1 Rad8 21.f5 g5 22.e5 Nd7
23.e6 Bxg2 24.Qxg2 Nb8 25.Bc1 Re7 26.Bd2 a5 27.a4 Nc6 28.Qf3 Rf8 29.g4 Kh7
30.Qe4 Rh8 31.Re2 Bf8 32.Be1 Rg7 33.Bg3 Bd6 34.Kg2 Kg8 35.Bxd6 Qxd6 36.Qd5
Qxd5+ 37.cxd5 Nb8 38.Nf2 Ra7 39.Ne4 Kg7 40.h4 Rd8 41.hxg5 hxg5 42.d6 Nc6
43.Rh1 {#r} 1-0

[Event "Ch Asturias (team) 2003/04 (Preferente)"]
[Site "masterchessopen.com Asturias (Spain)"]
[Date "2003.11.22"]
[Round "3"]
[White "Bombin Pinera Dionisio (ESP)"]
[Black "San Claudio Gonzalez Franc (ESP)"]
[Result "0-1"]
[WhiteElo "2015"]
[BlackElo "2297"]

1.Nf3 Nf6 2.g3 g6 3.Bg2 Bg7 4.O-O d5 5.d4 O-O 6.c4 c6 7.Nbd2 Ne4 8.e3 Be6
9.Nxe4 dxe4 10.Nd2 f5 11.Qe2 Bd7 12.f4 Na6 13.a3 c5 14.d5 e6 15.dxe6 Bxe6
16.Rb1 Qd6 17.b3 Rfd8 18.Rf2 Bc3 19.Nf1 Qd1 20.Qxd1 Rxd1 21.Rc2 Be1 22.Rbb2
Rad8 23.Bd2 Bxd2 24.Rxd2 R8xd2 25.Rxd2 Rb1 26.Rd8+ Kf7 27.Ra8 Rxb3 28.Rxa7 Rb2
29.g4 Bxc4 30.gxf5 gxf5 31.Ng3 Be6 32.Bh3 Kf6 33.Ra8 c4 34.Rf8+ Ke7 35.Rh8 c3
36.Rxh7+ Kd8 37.Rh6 Rd2 {#R} 0-1

[Event "Ch Schleswig Holstein (VM)"]
[Site "masterchessopen.com Buesum (Germany)"]
[Round "8"]
[White "Haffner Alexander (GER)"]
[Black "Kemeny Matthias (GER)"]
[Result "0-1"]
[WhiteElo "2156"]
[BlackElo "2074"]

1.d4 Nf6 2.Nf3 g6 3.g3 Bg7 4.Bg2 d5 5.O-O O-O 6.c4 c6 7.Nbd2 Nbd7 8.b3 e5
9.cxd5 Nxd5 10.Bb2 exd4 11.Bxd4 Bxd4 12.Nxd4 N7f6 13.Nc4 Nc3 14.Qc2 Qxd4 15.e3
Bf5 16.Qxf5 Ne2+ 17.Kh1 Qxa1 18.Qc2 Qc3 19.Qxe2 Rad8 20.f4 b5 21.Ne5 Rd2
22.Qf3 Rxa2 23.Qxc6 Qxc6 24.Nxc6 Ng4 25.Ne7+ Kg7 26.Nd5 Rc8 27.h3 Nf6 28.f5
Rxg2 29.Nxf6 Rcc2 30.Ng4 h5 31.f6+ Kh7 {#R} 0-1

[Event "Ch Slovakia (team) 2004/05 (1 liga) West"]
[Site "masterchessopen.com Slovakia"]
[Round "4"]
[White "Heinrich Jan (SVK)"]
[Black "Belak S"]
[Result "1-0"]
[WhiteElo "2109"]
[BlackElo "1920"]

1.d4 d5 2.Nf3 Nf6 3.c4 c6 4.Nbd2 g6 5.g3 Bg7 6.Bg2 O-O 7.O-O Nbd7 8.b3 c5
9.Bb2 dxc4 10.Nxc4 cxd4 11.Bxd4 Nh5 12.Rc1 Re8 13.Bxg7 Nxg7 14.Qd2 Nf6 15.Qb2
Be6 16.Rfd1 Qb8 17.Na5 Bd5 18.Ne5 Bxg2 19.Kxg2 Ne6 20.Nd7 Nxd7 21.Rxd7 Nf8
22.Rxb7 Qd6 23.Nc6 Ne6 24.Qe5 Qa3 25.Rc4 Qd6 26.Nxe7+ Qxe7 27.Rxe7 Rxe7 28.Qf6
Rae8 29.Rc8 Rxc8 30.Qxe7 Rc2 31.Qxa7 Rxe2 32.b4 Kg7 33.b5 {#r} 1-0

[Event "It (open)"]
[Site "masterchessopen.com Chennai (India)"]
[Date "2004.01.22"]
[Round "3"]
[White "Krishna CK"]
[Black "Sareen Vishal (IND)"]
[Result "0-1"]
[WhiteElo "2196"]
[BlackElo "2406"]

1.Nf3 Nf6 2.c4 g6 3.g3 Bg7 4.Bg2 O-O 5.d4 c6 6.O-O d5 7.Nbd2 dxc4 8.Nxc4 Be6
9.Qc2 Nbd7 10.Ng5 Bd5 11.e4 Bxc4 12.Qxc4 h6 13.Nh3 e5 14.dxe5 Nxe5 15.Qc2 Qd3
16.Qxd3 Nxd3 17.Nf4 Nxc1 18.Raxc1 Rad8 19.Rfd1 Ng4 20.Nd3 Bd4 21.h3 Nf6 22.Rc2
Rfe8 23.Re1 Bb6 24.Rc3 Rd4 25.e5 Ba5 26.exf6 Rxe1+ 27.Nxe1 Bxc3 28.bxc3 Ra4
29.Nd3 Rxa2 30.Ne5 Rd2 31.Bf1 Rd6 32.Bc4 Rxf6 33.Ng4 Rd6 34.Nxh6+ Kg7 35.Ng4
Rd1+ 36.Kg2 Rc1 37.Ne3 b5 38.Ba2 Rxc3 39.h4 b4 40.g4 b3 {#R} 0-1

[Event "It (open) \"]
[Site "masterchessopen.com Moscow (Russia)"]
[Date "2004.02.22"]
[Round "6"]
[White "Kharitonov Alexandr (RUS)"]
[Black "Sasikiran Krishnan (IND)"]
[Result "0-1"]
[WhiteElo "2464"]
[BlackElo "2668"]

1.d4 Nf6 2.Nf3 g6 3.c4 Bg7 4.g3 c6 5.Bg2 O-O 6.O-O d5 7.Nbd2 a5 8.Ne5 Bf5
9.Ndf3 a4 10.Be3 Ne4 11.Qc1 Na6 12.Bh6 f6 13.Bxg7 Kxg7 14.Nd3 g5 15.Rd1 Qa5
16.a3 Nc7 17.Nfe1 dxc4 18.Bxe4 Bxe4 19.Qxc4 Bd5 20.Qc5 Bb3 21.Rdc1 Ne6 22.Qxa5
Rxa5 23.e3 Rd8 24.Rc3 Rb5 25.Rac1 Kf7 26.Nb4 h5 27.Ned3 h4 28.g4 f5 29.h3 Kf6
30.Kg2 Ra5 31.gxf5 Rxf5 32.f3 Rb5 33.Kf2 Rf8 34.Nc5 Kg6 35.Kg2 Nxc5 36.dxc5
Rd8 37.Rf1 Ra5 38.f4 Raa8 39.Kf3 Kh5 40.Rg1 Rg8 41.Nd3 Raf8 42.e4 Kh6 43.f5 e6
44.Nc1 exf5 45.Nxb3 axb3 46.e5 Rd8 47.Rxb3 Rg7 48.Re1 Re7 49.Rbe3 Kg6 50.R1e2
f4 51.Rb3 Kf5 52.e6 Rde8 53.Kg2 Rg7 54.Kf3 Rxe6 55.Rxe6 Kxe6 56.Kg4 Rd7
57.Kxg5 Ke5 58.Rb4 Rf7 59.Rc4 f3 60.Rc1 f2 61.Rf1 Ke4 {#R} 0-1

[Event "It (open) \"]
[Site "masterchessopen.com Moscow (Russia)"]
[Date "2004.02.24"]
[Round "8"]
[White "Rustemov Alexander (RUS)"]
[Black "Mamedyarov Shakhriyar (AZE)"]
[Result "0-1"]
[WhiteElo "2602"]
[BlackElo "2660"]

{ Rustemov Alexander (RUS) +0 =2 -0 } 1.d4 { 1 } 1...Nf6 2.Nf3 g6 3.g3 Bg7
4.Bg2 d5 5.O-O O-O 6.c4 c6 7.Nbd2 ( 7.b3 Bf5 8.Bb2 Nbd7 9.Nc3 Ne4 10.Rc1 a5
11.e3 Nxc3 12.Bxc3 Be4 13.Qe2 a4 14.b4 dxc4 15.Qxc4 Nb6 16.Qe2 a3 17.Rfd1 Na4
18.Ne1 Bxg2 19.Nxg2 Qd6 20.Nf4 Rfd8 21.Nd3 Nxc3 22.Rxc3 e5 23.dxe5 Bxe5
24.Rcc1 Bb2 25.Nc5 Qe7 26.Rxd8+ { 1/2-1/2, Rustemov Alexander 2604 - Makarov
Marat 2512 , Krasnodar 2002 Ch Russia } ) 7...Ne4 { = } 8.cxd5 ( 8.Qb3 Qb6
9.e3 Nd7 10.cxd5 Qxb3 11.axb3 cxd5 12.Nxe4 dxe4 13.Ng5 e5 14.Nxe4 exd4 15.exd4
Bxd4 16.Rd1 Bg7 17.Nd6 Nc5 18.Be3 Ne6 19.Nxc8 Raxc8 20.Bxb7 Rc7 21.Rxa7 Nc5
22.Rc1 Rxb7 23.Bxc5 Rxa7 24.Bxa7 Bxb2 25.Rb1 Be5 26.b4 f6 27.Rd1 Rf7 { ...1-0,
Stein Leonid Z 2620 - Krogius Nikolai V 2485 , Yerevan 1962 Ch URS } ) ( 8.b3
c5 9.Bb2 Nxd2 10.Qxd2 dxc4 11.bxc4 cxd4 12.Nxd4 Nc6 13.Rfd1 Nxd4 14.Bxd4 Qxd4
15.Qxd4 Bxd4 16.Rxd4 Rb8 17.c5 Be6 18.Ra4 a6 19.c6 bxc6 20.Rxa6 c5 21.a4 Rb2
22.a5 c4 23.Rc6 Rfb8 24.Be4 Rxe2 25.Rb6 Rd8 26.Bf3 Red2 27.a6 c3 { ...1-0,
Nikolic Predrag 2670 - Svidler Peter 2650 , Yerevan 1996 Memorial Petrosian &
Kasparian (cat.15) } ) 8...cxd5 9.Ne5 ( 9.Nb3 Nc6 10.Ng5 Bf5 11.Nxe4 Bxe4
12.Be3 Bxg2 13.Kxg2 Qb6 14.Qd2 Rfd8 15.Rfd1 a5 16.Rab1 a4 17.Na1 Na5 18.b3
axb3 19.axb3 Rdc8 20.Rdc1 Nc6 21.Nc2 h5 22.Ra1 Rxa1 23.Nxa1 Ra8 24.Rd1 e6
25.Qc3 Ra3 26.Kf1 Qa5 27.Qxa5 Nxa5 28.Rb1 Nc6 { ...1/2-1/2, Garcia Orus
Francisco - Donner Jan-Hein 2430 , Hague 1966 Zt } ) ( 9.e3 Nd6 10.Ne5 e6
11.b3 Nd7 12.Ndf3 f6 13.Nd3 Re8 14.Ba3 Nf8 15.Qc2 Nb5 16.Bb2 Bd7 17.Rfc1 Rc8
18.Qd2 b6 19.Nfe1 Rxc1 20.Rxc1 Qb8 21.f3 Rc8 22.Rxc8 Qxc8 23.e4 dxe4 24.fxe4 {
1/2-1/2, Popov Luben 2313 - Kinzel Anton, Siegen 1970 Olympiad } ) 9...f6 (
9...Nxd2 10.Bxd2 Qb6 11.Bc3 e6 12.Qd2 Nd7 13.Nxd7 Bxd7 14.e3 { 1/2-1/2, Vadasz
Laszlo 2400 - Csom Istvan 2475 , Budapest 1993 It "Expressz" } ) ( 9...Bf5
10.Nxe4 Bxe4 11.Qb3 Nc6 12.Nxc6 bxc6 13.Bxe4 dxe4 14.Rd1 Rb8 15.Qc4 Qd7 16.b3
Rb5 17.e3 Rh5 18.Qf1 Rd8 19.Ba3 Rd5 20.Rac1 e5 21.Re1 exd4 22.exd4 Rxd4 23.Bb2
Rd2 24.Bxg7 Kxg7 25.Rxe4 Rxa2 26.Qc4 Qd3 27.Re7 Rd5 28.g4 Qd4 29.Qc3 { ...0-1,
Zhidkov Valery S 2365 - Vorobiov Evgeny E 2459 , Moscow 1999 Ch Moscow } ) (
9...Nd7 10.Nxe4 Nxe5 11.Nc3 Nc6 12.e3 e6 13.Bd2 b6 14.Re1 Bb7 15.Rc1 Qe7 {
1/2-1/2, Hort Vlastimil 2543 - Szabo Laszlo 2055 , Palma de Majorca 1969 It }
) 10.Nxe4 ( 10.Nd3 f5 11.Nf3 Nc6 12.e3 Qd6 13.b3 g5 14.Bb2 Qh6 15.Nfe5 Nd8
16.Ba3 Re8 17.Rc1 b6 18.Rc7 Bf8 19.Nb4 e6 20.Qc1 Bb7 21.Nbd3 Ba6 22.Rd1 Bxd3
23.Bxf8 Qxf8 24.Rxd3 Re7 25.Bxe4 fxe4 26.Rdc3 Nf7 27.Rxe7 Nxe5 28.Rcc7 Nd3
29.Qc2 h5 { ...1-0, Malich Burkhard Dr 2361 - Czerniak Moshe 2385 , Pecs 1964
It } ) 10...fxe5 ( 10...dxe4 11.Qb3+ e6 12.Nc4 Nc6 13.e3 f5 14.Bd2 Rb8 15.a4
Rf7 16.Rac1 b6 17.f3 exf3 18.Bxf3 Bb7 19.Bxc6 Bxc6 20.Ne5 Bxa4 21.Nxf7 Bxb3
22.Nxd8 Rxd8 23.Rc3 Bd5 24.Rfc1 Bf6 25.Rc8 Bb7 26.R8c7 Be4 27.Bb4 g5 28.Be7
Bxe7 29.Rxe7 f4 30.gxf4 { ...1-0, Jussupow Artur 2640 - Timman Jan H 2665 ,
Linares 1992 Ch World (match) (cand.) (1/2) } ) 11.Nc3 e4 { N ^254 ^00 ^00 ^00
^04 !? } ( 11...exd4 12.Nxd5 e6 13.Nb4 a5 14.Nd3 Nc6 15.Bd2 Kh8 16.Rc1 Ra6
17.Rc5 Rf5 18.Qc1 Qe8 19.Bh6 Bxh6 20.Qxh6 Bd7 21.Be4 Qf8 22.Qc1 Rf6 23.Qc4 Qd6
24.f4 Rb6 25.Rd1 Rf8 26.b3 Na7 27.Rxa5 Nb5 28.Ne5 Kg8 29.Nxd7 Qxd7 30.Qc5 {
1-0, Gutman Lev 2485 - Shterenberg Pavel 2335 , Israel 1984 Ch Israel } )
12.f3 { } 12...exf3 13.Bxf3 e6 14.Be3 Nc6 15.Qd2 Bd7 16.Bf2 Rf7 17.Kg2 { ?! }
( 17.Bg2 { !? } 17...Qb6 18.Na4 Qc7 19.Be3 { } ) 17...Qf6 { ?! } ( 17...Qa5 {
!? } 18.a3 Raf8 19.b4 Qd8 { } ) 18.Rad1 { ?! } ( 18.Bg1 { !? } 18...Qd8
19.Rae1 Qa5 20.e4 { } ) 18...Raf8 19.h4 Ne7 20.g4 h5 { ?! } ( 20...Nc6 { !? }
21.Nb5 Qe7 22.Be3 a6 { } ) 21.Bg3 { ?! } ( 21.gxh5 { !? } 21...b5 22.a3 a5
23.h6 { } ) 21...hxg4 22.Bxg4 Nf5 23.Bxf5 exf5 24.Qf4 Re8 25.Rd2 Kh7 26.Qg5 b5
27.Bf4 b4 28.Qxf6 Bxf6 29.Nd1 { ?! } ( 29.Nxd5 { !? } 29...Bc6 30.e4 Bxh4
31.Rc2 { } ) 29...Bb5 30.Re1 Kg8 31.Kf3 { ?! } ( 31.Bg5 { !? } 31...Re4 32.Rc2
Bxg5 33.hxg5 { } ) 31...Bxh4 32.Rg1 g5 33.e3 g4+ 34.Kg2 Rc8 35.Nf2 Rh7 36.Nh1
Kf7 37.Ng3 Kg6 38.Rh1 a5 39.b3 Rc3 40.Ne2 Bxe2 41.Rxe2 Bd8 42.Rxh7 Kxh7 43.Kg3
Kg6 44.Rh2 Bc7 45.Bxc7 Rxc7 46.Rh8 Re7 47.Kf2 Rh7 48.Rg8+ Kf7 49.Rd8 Rh2+
50.Kg3 Re2 51.Kf4 Rf2+ 52.Ke5 g3 { ! } ( 52...Rf3 53.Rc8 g3 54.Rc2 Ke7 { } )
53.Rxd5 g2 54.Rd7+ Kg6 55.Rd8 f4 { } {#R} 0-1

[Event "It"]
[Site "masterchessopen.com Los Llanos de Ariadne (Spain)"]
[Date "2004.04.09"]
[Round "9"]
[White "Castro Acosta Andres (ESP)"]
[Black "Seel Christian (GER)"]
[Result "0-1"]
[WhiteElo "2138"]
[BlackElo "2477"]

1.d4 Nf6 2.Nf3 g6 3.g3 Bg7 4.Bg2 d5 5.O-O O-O 6.Nbd2 c6 7.c4 Qb6 8.c5 Qd8
9.Ne5 Nfd7 10.Ndf3 f6 11.Nxd7 Nxd7 12.Qc2 e5 13.dxe5 fxe5 14.e4 Qe7 15.Bg5 Nf6
16.Rad1 d4 17.Ne1 h6 18.Bc1 g5 19.f3 Be6 20.a3 Nd7 21.Nd3 a5 22.f4 Bg4 23.Rde1
gxf4 24.gxf4 exf4 25.Bxf4 Ne5 26.Qd2 Nxd3 27.Bd6 Rxf1+ 28.Rxf1 Qg5 29.Qxd3
Qe3+ 30.Qxe3 dxe3 31.Rf4 e2 {#R} 0-1

[Event "It (open)"]
[Site "masterchessopen.com La Roda (Spain)"]
[Date "2004.04.11"]
[Round "9"]
[White "Navarro Ortiz De Ortuno B (ESP)"]
[Black "Martin Blanco Fernando (ESP)"]
[Result "1-0"]
[WhiteElo "2246"]
[BlackElo "2093"]

1.d4 Nf6 2.c4 g6 3.Nf3 Bg7 4.g3 c6 5.Bg2 d5 6.Nbd2 O-O 7.O-O Bf5 8.b3 a5 9.a3
Ne4 10.Bb2 Nd7 11.Rc1 Ndf6 12.Ne5 Qb6 13.c5 Qc7 14.Ndf3 Nd7 15.Nxd7 Bxd7
16.Nd2 f5 17.f4 b5 18.cxb6 Qxb6 19.Nxe4 fxe4 20.e3 h5 21.Rc3 Kf7 22.a4 Rh8
23.h3 Rab8 24.Ba3 Qa6 25.Rf2 Qc8 26.Kh2 e6 27.Bd6 Rb6 28.Bc5 Rb8 29.Bd6 Rb6
30.Qc1 Bf8 31.Qa3 Qb8 32.Bxf8 Qxf8 33.Rc5 Qe7 34.Qa2 Rhb8 35.Rb2 Ra6 36.Qb1
Rb4 37.Bf1 Ra8 38.Be2 Qf6 39.Qe1 Qd8 40.Bd1 Qc7 41.Rf2 Rbb8 42.Kg1 Kg7 43.Rh2
Rb4 44.g4 hxg4 45.hxg4 Rh8 46.Rxh8 Kxh8 47.Qh4+ Kg7 48.Qe7+ {#r} 1-0

[Event "It (open) \"]
[Site "masterchessopen.com Bratislava (Slovakia)"]
[Date "2004.05.03"]
[Round "4"]
[White "Jablonicky Frantisek (SVK)"]
[Black "Chovanec Vladimir (SVK)"]
[Result "1-0"]
[WhiteElo "2181"]
[BlackElo "2077"]

1.Nf3 Nf6 2.d4 g6 3.c4 Bg7 4.g3 O-O 5.Bg2 d5 6.Nbd2 c6 7.O-O Na6 8.a3 Bf5
9.Nh4 Be6 10.cxd5 Nxd5 11.Ndf3 Nb6 12.e3 h6 13.Nd2 Qc7 14.b4 Rad8 15.Qc2 Qc8
16.Rd1 Nd5 17.Bb2 Bg4 18.Nhf3 Nac7 19.Rac1 Qa8 20.h3 Bxf3 21.Bxf3 e6 22.Nb3
Ne8 23.Na5 Qb8 24.Rd3 f5 25.Rb3 Nef6 26.Re1 Kh7 27.Nc4 Qc7 28.Kg2 Qe7 29.Nd2
Rf7 30.h4 h5 31.Qc5 Ng4 32.Qxa7 e5 33.Bxd5 Rxd5 34.Nf3 Kg8 35.dxe5 Nxe5
36.Bxe5 Bxe5 37.e4 fxe4 38.Rxe4 Qf6 39.Rxe5 Rxe5 40.Qb8+ {#r} 1-0

[Event "It (open)"]
[Site "masterchessopen.com Ditzingen (Germany)"]
[Date "2004.05.20"]
[Round "1"]
[White "White Herbert (GER)"]
[Black "Vonthron Horst (GER)"]
[Result "0-1"]
[WhiteElo "1995"]
[BlackElo "2329"]

1.d4 Nf6 2.Nf3 d5 3.c4 c6 4.g3 g6 5.Bg2 Bg7 6.Nbd2 O-O 7.O-O Ne4 8.b3 Bf5
9.Bb2 h6 10.Ne5 Nd7 11.Ndf3 Nxe5 12.Nxe5 Bxe5 13.dxe5 Qa5 14.cxd5 cxd5 15.Qd4
Rfd8 16.h4 Rac8 17.Kh2 Rc2 18.Bc1 h5 19.b4 Qa6 20.Bf3 Nc3 21.a4 Nxe2 22.Bxe2
Qxe2 23.Bg5 Be4 24.Qe3 Qxe3 25.Bxe3 Bf3 26.Bxa7 d4 27.Ra3 d3 28.Be3 Be2 29.Rc1
Rxc1 30.Bxc1 d2 31.Bxd2 Rxd2 32.Kg2 Rb2 33.b5 Bc4 34.Rc3 Rb4 35.Ra3 Bb3 36.Kf3
e6 37.Ke3 Bxa4 38.Kd2 Bxb5 39.Ra8+ Kg7 40.Rd8 Rb2+ {#R} 0-1

[Event "Ch England (team) 2003/04 (3 div)"]
[Site "masterchessopen.com England"]
[Round "9"]
[White "Boyce G Michael (ENG)"]
[Black "Kendall Paul S W (ENG)"]
[Result "0-1"]
[WhiteElo "2057"]
[BlackElo "2042"]

1.Nf3 d5 2.g3 g6 3.Bg2 Bg7 4.d4 Nf6 5.c4 c6 6.O-O O-O 7.Nbd2 Na6 8.b3 c5 9.Bb2
cxd4 10.Bxd4 Nc7 11.Rc1 Ne6 12.Bb2 d4 13.Qc2 Nd7 14.Rfd1 Qa5 15.a3 Qh5 16.Nf1
Ne5 17.Nxd4 Nxd4 18.Bxd4 Bg4 19.Rd2 Rad8 20.Rcd1 Bh6 21.Be3 Rxd2 22.Rxd2 Bf5
23.Bxh6 {#R} 0-1

[Event "It (blitz) (qual)"]
[Site "masterchessopen.com Internet"]
[Date "2004.06.04"]
[Round "11"]
[White "Fridman Daniel (GER)"]
[Black "Petrosian Tigran L (ARM)"]
[Result "0-1"]
[WhiteElo "2578"]
[BlackElo "2539"]

1.d4 Nf6 2.Nf3 g6 3.g3 Bg7 4.Bg2 O-O 5.O-O c6 6.c4 d5 7.Nbd2 a5 8.b3 a4 9.bxa4
Ne4 10.Bb2 Nxd2 11.Nxd2 Be6 12.Qc2 Na6 13.e3 Qd7 14.Rab1 Rfc8 15.Ba3 Bf5 16.e4
dxe4 17.Bxe4 Bh3 18.Rfd1 Qxd4 19.Rxb7 Nc5 20.Rxe7 Nxa4 21.Nf3 Qc3 22.Ng5 Qxa3
23.Nxh3 Qxe7 {#R} 0-1

[Event "It (open) ICSC (for the Deaf)"]
[Site "masterchessopen.com Malente (Germany)"]
[Date "2004.07.28"]
[Round "4"]
[White "Petrauskas Gediminas (LTU)"]
[Black "Lukasovics Laszlo (HUN)"]
[Result "1-0"]
[WhiteElo "1950"]
[BlackElo "2037"]

1.Nf3 Nf6 2.g3 g6 3.Bg2 d5 4.d4 Bg7 5.O-O O-O 6.Nbd2 c6 7.c4 Bf5 8.Re1 Ne4
9.e3 Bg4 10.Qb3 Nxd2 11.Nxd2 Qc8 12.cxd5 cxd5 13.Qxd5 Nc6 14.Qc5 e5 15.d5 Nd8
16.Qxc8 Rxc8 17.e4 Bd7 18.b3 Rc2 19.Nc4 f5 20.Ne3 Rc8 21.Ba3 Rf7 22.Nc4 Bf8
23.Bxf8 Rxf8 24.Nxe5 Bb5 25.Rac1 Nf7 26.Nxf7 Kxf7 27.e5 {#r} 1-0

[Event "Ch Arabic Countries (w)"]
[Site "masterchessopen.com Dubai (United Arab Emirates)"]
[Date "2004.08.07"]
[Round "5"]
[White "Basta-Sohair F (EGY)"]
[Black "Bahji Hind (MAR)"]
[Result "0-1"]
[WhiteElo "2083"]
[BlackElo "2069"]

1.d4 d5 2.Nf3 Nf6 3.g3 g6 4.Bg2 Bg7 5.O-O O-O 6.c4 c6 7.Nbd2 Nbd7 8.Qc2 Re8
9.Re1 e5 10.dxe5 Nxe5 11.Nxe5 Rxe5 12.Nf3 Re7 13.Bg5 h6 14.Bf4 Bf5 15.Qb3 dxc4
16.Qxc4 Ne4 17.Rad1 Qb6 18.Be3 Qxb2 19.Nd4 Qc3 20.Qxc3 Nxc3 21.Nxf5 gxf5
22.Rd2 Ne4 23.Rd3 Kh7 24.Bh3 Kg6 25.Red1 b6 26.Bg2 Rc8 27.f3 Nc3 28.R1d2 Rce8
29.Rd6+ Kh7 30.Bf4 Nxe2+ 31.Kf2 c5 32.Rd7 Bd4+ 33.R7xd4 Nxd4 34.Bf1 Rd8 35.Be3
Red7 36.Bd3 Kg7 37.Bc4 b5 38.Bxd4+ Rxd4 39.Rxd4 Rxd4 40.Bxb5 Kf6 41.Ke3 Ke5
42.Be8 f4+ 43.Ke2 f6 44.Bg6 f5 45.Be8 fxg3 46.hxg3 f4 47.g4 c4 48.Bb5 Kd5
49.Be8 Rd3 50.Bg6 Re3+ 51.Kf2 Kd4 52.Bf5 Kc3 {#R} 0-1